Evropská hospodářská a měnová unie

Etapy vývoja Európskej menovej únie. Kritériá konvergencie. Európsky menový inštitút (EMI). Európsky menový systém. Scenár prechodu k jednotnej mene. Zelená kniha. Prínosy a náklady Európskej únie. Ciele vytvorenia menovej únie. Vyhliadky plnenia konvergenčných kritérií. Plnenie kritérií európskeho...

Descrizione completa

Salvato in:
Dettagli Bibliografici
Autore principale: Viktorová, Dana
Natura: Capitolo di libro
Lingua:ceco
Soggetti:
Tags: Aggiungi Tag
Nessun Tag, puoi essere il primo ad aggiungerne!!

MARC

LEADER 00000naa a2200000 4500
001 r028130
005 20230927130024.6
041 0 |a cze 
044 |a CZ 
245 1 0 |a Evropská hospodářská a měnová unie  |c D. Viktorová 
520 |a Etapy vývoja Európskej menovej únie. Kritériá konvergencie. Európsky menový inštitút (EMI). Európsky menový systém. Scenár prechodu k jednotnej mene. Zelená kniha. Prínosy a náklady Európskej únie. Ciele vytvorenia menovej únie. Vyhliadky plnenia konvergenčných kritérií. Plnenie kritérií európskeho zbližovania. Riziká spoločnej meny. Príprava centrálnych bánk na vytvorenie menovej únie. 
610 2 0 |a Európska únia 
610 2 0 |a únie menové 
610 2 0 |a mena 
610 2 0 |a Európsky menový systém 
610 2 0 |a Európsky menový inštitút 
610 2 0 |a banky centrálne 
610 2 0 |a politika menová 
100 1 |a Viktorová, Dana